| 000 | 00434nam a2200169 a 4500 | ||
|---|---|---|---|
| 001 | 0000-8964 | ||
| 003 | ELIB.Books | ||
| 008 | 110520 1942 | ||
| 035 | _a(ELIB.Books)0000-9113 | ||
| 082 |
_a248 _bHe |
||
| 100 | _aHeard, Gerald | ||
| 245 | _aTraining for the Life of the Spirit | ||
| 260 |
_bNew York: Harper & Brothers _c1942 |
||
| 650 | _aChristian Life | ||
| 942 |
_2ddc _cBK |
||
| 998 |
_cbat _e2011-05-20 |
||
| 999 |
_c8964 _d8964 |
||